Reed's Engineering Drawing for Marine Engineers / (Record no. 257)

000 -LEADER
fixed length control field 00528nam a2200169Ia 4500
008 - FIXED-LENGTH DATA ELEMENTS--GENERAL INFORMATION
fixed length control field 190805s9999||||xx |||||||||||||| ||und||
020 ## - INTERNATIONAL STANDARD BOOK NUMBER
International Standard Book Number 9780713678574
Terms of availability Rs. 1599.00
082 04 - DEWEY DECIMAL CLASSIFICATION NUMBER
Classification number 604.202462387
Item number B3881
100 1# - MAIN ENTRY--PERSONAL NAME
Personal name Beck, H. G.
245 10 - TITLE STATEMENT
Title Reed's Engineering Drawing for Marine Engineers /
260 ## - PUBLICATION, DISTRIBUTION, ETC. (IMPRINT)
Place of publication, distribution, etc London :
Name of publisher, distributor, etc Bloomsbury,
Date of publication, distribution, etc 2015
300 ## - PHYSICAL DESCRIPTION
Extent 169 p.
Other physical details : ill.
Dimensions ; 21 cm.
490 00 - SERIES STATEMENT
Series statement Reed's Marine Engineering Series ;
Volume number/sequential designation Vol. 11
650 #0 - SUBJECT ADDED ENTRY--TOPICAL TERM
Topical term or geographic name as entry element Engineering drawings
852 ## - LOCATION/CALL NUMBER
Location
942 ## - ADDED ENTRY ELEMENTS (KOHA)
Item type Books
Holdings
Withdrawn status Lost status Damaged status Not for loan Collection code Permanent location Current location Shelving location Date acquired Source of acquisition Cost, normal purchase price Full call number Barcode Date last seen Koha item type Public note Source of classification or shelving scheme
        Engineering IMU Kochi Library IMU Kochi Library General Stacks 2017-07-26 Sterling Book House 1599.00 604.202462387 B3881 BK004384 2019-08-05 Books Shelf-8, Row-4  
        Engineering IMU Kochi Library IMU Kochi Library General Stacks 2017-07-26 Sterling Book House 1599.00 604.202462387 B3881 BK004385 2019-08-05 Books Shelf-8, Row-4  
        Engineering IMU Kochi Library IMU Kochi Library General Stacks 2017-07-26 Sterling Book House 1599.00 604.202462387 B3881 BK004386 2019-08-05 Books Shelf-8, Row-4  
        Engineering IMU Kochi Library IMU Kochi Library General Stacks 2017-07-26 Sterling Book House 1599.00 604.202462387 B3881 BK004383 2019-08-05 Books Shelf-8, Row-4  
        Engineering IMU Kochi Library IMU Kochi Library General Stacks 2014-02-07 M/S Sterling Book House (Inv. No. 2267 Dt 2014-01-27) 1499.00 604.202462387 B3881 BK001028 2019-10-31 Books Shelf-8, Row-4  


Copyright © All Rights Reserved by Indian Maritime University, Kochi Campus.
For any Suggestions/Query Contact to library or Email: library.kochi@imu.ac.in Ph:(0484)-2989402
(Web OPAC Designed by Rudra Ranjan. Maintained by IMU Kochi Library)

Powered by Koha